Sacando provecho de los pobres: privatización y lucha contra la pobreza /
Kaydedildi:
| Yazar: | |
|---|---|
| Diğer Yazarlar: | |
| Materyal Türü: | Metin |
| Konular: | |
| Etiketler: |
Etiketle
Etiket eklenmemiş, İlk siz ekleyin!
|
MARC
| LEADER | 00000 a a2200000 04500 | ||
|---|---|---|---|
| 001 | 5575 | ||
| 003 | |||
| 040 | |||
| 100 | |a Waghorne, Mike | ||
| 245 | |a Sacando provecho de los pobres: privatización y lucha contra la pobreza / |c Mike Waghorne | ||
| 650 | |a POBREZA | ||
| 650 | |a PRIVATIZACION | ||
| 650 | |a SERVICIOS PUBLICOS | ||
| 700 | |a Caird, Wendy | ||
| 773 | |g número 134 -135; páginas 107-111 | ||
| 999 | |c 20681 |d 20681 | ||
